| 000 | 00876cab a2200301 4500 | ||
|---|---|---|---|
| 001 | ABS46312 | ||
| 008 | 090401t1992 xxu||||| |||| 00| 0 eng d | ||
| 035 | _a(Sirsi) u57734 | ||
| 041 | _aeng | ||
| 100 | _aAnsell, D.J. | ||
| 245 | 4 | _aThe five-year set-aside scheme in England and Wales: an initial assessment | |
| 260 | _c1992 | ||
| 350 | _a0 | ||
| 490 |
_aFarm Management _v8(1) Spring 1992, 19-31(7) |
||
| 520 | _aFindings of an independent research team from the University of Reading, evaluating the EC set-aside scheme in the UK. | ||
| 650 | _aAGRICULTURE | ||
| 650 | _aCROP YIELDS | ||
| 650 | _aFARM ECONOMICS | ||
| 650 | _aFARM INCOMES | ||
| 650 | _aFARMING | ||
| 650 | _aRESEARCH | ||
| 650 | _aSET-ASIDE SCHEME | ||
| 650 | _aUNIVERSITY OF READING | ||
| 690 | _aRURAL PRACTICE | ||
| 700 | _aTranter, R.B. | ||
| 942 | _n0 | ||
| 948 | _c04/03/1997 | ||
| 999 |
_c35236 _d35236 |
||